|
|
|
|
| LEADER |
00000nam0a2200000 4500 |
| 001 |
268066 |
| 005 |
20231101234132.0 |
| 035 |
|
|
|a (RuTPU)RU\TPU\book\291193
|
| 090 |
|
|
|a 268066
|
| 100 |
|
|
|a 20140826d1967 k y0rusy50 ca
|
| 101 |
0 |
|
|a rus
|
| 102 |
|
|
|a RU
|
| 105 |
|
|
|a a z 000zy
|
| 200 |
1 |
|
|a Сверхсильные магнитные поля
|f В. П. Карцев
|
| 210 |
|
|
|a Москва
|c Знание
|d 1967
|
| 215 |
|
|
|a 62 с.
|c ил.
|
| 225 |
1 |
|
|a Новое в жизни, науке, технике
|
| 225 |
1 |
|
|a Физика. Астрономия
|v [Вып.] 2
|
| 606 |
1 |
|
|a Магнитное поле, сверхсильное
|2 stltpush
|3 (RuTPU)RU\TPU\subj\40796
|9 60627
|
| 610 |
1 |
|
|a электромагниты
|
| 610 |
1 |
|
|a соленоиды
|
| 610 |
1 |
|
|a импульсные магнитные поля
|
| 610 |
1 |
|
|a ускорители
|
| 610 |
1 |
|
|a магнитные ловушки
|
| 610 |
1 |
|
|a термоядерные исследования
|
| 610 |
1 |
|
|a плазма
|
| 675 |
|
|
|a 537.612
|v 3
|
| 700 |
|
1 |
|a Карцев
|b В. П.
|g Владимир Петрович
|
| 801 |
|
1 |
|a RU
|b 63413507
|c 20140826
|
| 801 |
|
2 |
|a RU
|b 63413507
|c 20220608
|g RCR
|
| 942 |
|
|
|c BK
|